Statistiques concernant Expression #3

Cliquez ici pour prendre le quiz!

Statistiques générales

  • Ce quiz a été pris 30 fois
  • Le résultat moyen est 3 sur 10

Statistiques - réponses

Expression anglaiseTraduction littéraleTraduction en français% Correct
All is well that ends wellTout est bien qui finit bien
90%
It's all Greek to meTout ça, c'est du grec pour moiC'est de l'hébreu | C'est du chinois
48%
Desperate diseases require desperate remediesLes maux désespérés exigent des mesures désespéréesAux grands maux les grands remèdes
45%
No sooner said than doneÀ peine dit que c'était faitAussitôt dit, aussitôt fait
38%
To speak broken FrenchParler un mauvais françaisParler français comme une vache espagnole
17%
Keep smiling ! Cheer up !Garde le sourire !Bon courage
3%
To face the musicFaire face à la musiqueBraver la tempête
3%
To butter somebody upPasser la pommade à quelqu'unCaresser quelqu'un dans le sens du poil
3%
To be trying to cloud the issueEssayer de brouiller les pistesEssayer de noyer le poisson
3%
To be one's own selfÊtre de nouveau soi-mêmeReprendre du poil de la bête
3%

Distribution des résultats

Percentile par nombre de réponses

% des personnes avec chaque résultat

Votre développement - résultats

Vous n’avez pas pris ce quiz